Ortega: circunstancia y vocación

保存先:
書誌詳細
フォーマット: 図書
言語:スペイン語
出版事項: Madrid Alianza 1983
シリーズ:Alianza universidad
主題:
タグ: タグ追加
タグなし, このレコードへの初めてのタグを付けませんか!

MARC

LEADER 00000nam a2200000 a 4500
001 UCZ1987
003 CL-VaPUC
008 950915e19830000SP |||||||||||||||||spa|d
082 0 4 |a 196.1  |b MAR  |2 21 
245 1 0 |a Ortega: circunstancia y vocación 
300 |a 460 p 
942 |c BK 
945 |d 19950915 00:00:00  |a cmena 
260 |a Madrid  |b Alianza  |c 1983 
650 0 |a Filosofía española   |9 254895 
650 0 |a Naturaleza humana   |9 308593 
650 0 |a Biografías  |9 255210 
650 0 |a Filósofos   |9 269126 
651 0 |a España  |9 254926 
651 0 |a Europa  |9 255156 
651 0 |a Alemania  |9 255688 
583 |a last modification  |c 19950915 00:00:00  |k Rodrigo Vera 
490 0 |a Alianza universidad 
999 |c 238653  |d 238651 
952 |0 0  |1 0  |4 0  |6 196_100000000000000_MAR_1983  |7 0  |8 A  |9 249004  |a BIBEDU  |b BIBEDU  |d 2019-11-18  |i 1562827  |o 196.1 MAR 1983  |p 1562827  |r 2019-11-18  |w 2019-11-18  |y BK  |k FIL